000 00840nam a2200217Ia 4500
003 OSt
005 20250211150317.0
008 210210b2006 xxu||||| |||| 00| 0 eng d
040 _cAL
041 _aKannada
082 _aK894.8 SUBR
100 _aSUBBANNA KE VI nenapina modala odu malike.
_dಸುಬ್ಬಣ್ಣ ಕೆ ವಿ (ನೆನಪಿನ ಮೊದಲ ಓದು ಮಾಲಿಕೆ )
_9199152
245 _aRaghavankana Harishchandra kavya pravesha.
_bರಾಘವಾಂಕನ ಹರಿಶ್ಚಂದ್ರ ಕಾವ್ಯ ಪ್ರವೇಶ
260 _aHeggodu
_bAkshara Prakashana
_c2006
300 _a108
650 _aRaghavankana Harishchandra Kavya Ji Es Bhat
_9199153
690 _aKannada Collections
_9199154
700 _aG S Bhat
_dಜಿ ಎಸ್ ಭಟ್
_9199155
906 _a061562
942 _2ddc
_cBK
999 _c108572
_d108572